[Event "Qatar Masters Open 2023"]
[Site "Doha QAT"]
[Date "2023.10.18"]
[Round "7.35"]
[White "Song, Yuxin"]
[Black "Bellahcene, Bilel"]
[Result "1/2-1/2"]
[WhiteTitle "WIM"]
[BlackTitle "GM"]
[WhiteElo "2404"]
[BlackElo "2520"]
[WhiteFideId "8614300"]
[BlackFideId "696358"]
[EventDate "2023.10.11"]

1. e4 c5 2. Nf3 Nc6 3. d4 cxd4 4. Nxd4 e5 5. Nb5 d6 6. c4 Nf6 7. N1c3 a6 8. Na3
g6 9. Nc2 Bg7 10. Be2 O-O 11. Be3 Be6 12. O-O Rc8 13. b3 Qc7 14. Rc1 Qb8 15. Qd3
Ne7 16. Nb4 Nc6 17. Nc2 Rfe8 18. Rfd1 Bf8 19. Nd5 Bxd5 20. cxd5 Nd4 21. Nxd4
exd4 22. Bxd4 Nxe4 23. Bf3 Nc5 24. Qd2 Bg7 25. Be3 h5 26. h4 Nd7 27. Rxc8 Qxc8
28. Rc1 Qd8 29. Qb4 Qb8 30. a4 Bf8 1/2-1/2

[Event "Qatar Masters Open 2023"]
[Site "Doha QAT"]
[Date "2023.10.18"]
[Round "7.36"]
[White "Suleymenov, Alisher"]
[Black "Banh Gia Huy"]
[Result "1-0"]
[WhiteTitle "GM"]
[BlackTitle "FM"]
[WhiteElo "2512"]
[BlackElo "2397"]
[WhiteFideId "13707833"]
[BlackFideId "12424714"]
[EventDate "2023.10.11"]

1. e4 e5 2. Nf3 Nc6 3. Bb5 Nf6 4. O-O Nxe4 5. Re1 Nd6 6. Nxe5 Be7 7. Bf1 Nxe5 8.
Rxe5 O-O 9. d4 Bf6 10. Re1 Re8 11. Bf4 Rxe1 12. Qxe1 Ne8 13. Nc3 Bxd4 14. Nd5 c6
15. Ne7+ Kf8 16. Nxc8 Qf6 17. Rd1 Rxc8 18. Qe4 Bb6 19. Rxd7 Rd8 20. Rxd8 Qxd8
21. Qb4+ Qe7 22. Qxe7+ Kxe7 23. Bd3 g6 24. Kf1 Nc7 25. Bc4 Nd5 26. Bg5+ Ke6 27.
Ke2 f5 28. Bh6 Bc7 29. h4 Be5 30. Bc1 Kd6 31. g3 Bf6 32. Bb3 b6 33. c3 Be5 34.
a3 Bg7 35. Kd3 Be5 36. Bd1 Kd7 37. Bf3 Kd6 38. Bd2 Nc7 39. a4 Ne6 40. b4 a6 41.
Bh1 b5 42. a5 Nc7 43. Be3 Kd7 44. c4 bxc4+ 45. Kxc4 Bd6 46. Bd2 Nb5 47. Bf3 Be5
48. Be3 Bd6 49. h5 gxh5 50. Bxh5 Nc7 51. Bd2 Nd5 52. Be2 Ke6 53. Kb3 Nc7 54. Bg5
Kd7 55. Bd3 Ke6 56. Bc4+ Kd7 57. Bg8 h5 58. Bc4 Nd5 59. Bd2 f4 60. Be1 fxg3 61.
fxg3 Ne3 62. Bxa6 Nf5 63. Bd3 Nxg3 64. b5 cxb5 65. a6 Kc7 66. a7 Kb7 67. Bf2 Bb8
68. axb8=R+ Kxb8 69. Bxg3+ 1-0

[Event "Qatar Masters Open 2023"]
[Site "Doha QAT"]
[Date "2023.10.18"]
[Round "7.37"]
[White "Iniyan, P"]
[Black "Sattarov, Bobir"]
[Result "1-0"]
[WhiteTitle "GM"]
[BlackTitle "IM"]
[WhiteElo "2510"]
[BlackElo "2341"]
[WhiteFideId "25002767"]
[BlackFideId "14203081"]
[EventDate "2023.10.11"]

1. d4 Nf6 2. c4 c5 3. d5 e6 4. Nc3 exd5 5. cxd5 d6 6. Nf3 g6 7. Nd2 Nbd7 8. e4
a6 9. a4 Bg7 10. Be2 O-O 11. O-O Re8 12. f4 Rb8 13. Qc2 Qc7 14. h3 c4 15. a5 b5
16. axb6 Nxb6 17. Re1 Nfd7 18. Kh2 Bh6 19. Rf1 Bg7 20. Re1 Bh6 21. Nxc4 Nxc4 22.
Nd1 Ndb6 23. b3 Qe7 24. Bxc4 Qf6 25. Nc3 Bxf4+ 26. Bxf4 Qxf4+ 27. Kh1 Nd7 28.
Rf1 Qh6 29. Bxa6 Ne5 30. Bb5 Re7 31. Qc1 Qh5 32. Qe3 Reb7 33. Bc4 Kg7 34. Kg1
Qh4 35. Ne2 Bd7 36. Nd4 Re8 37. Be2 Kg8 38. Ra6 Rb4 39. Rf2 Rc8 40. Rxd6 Bxh3
41. Rdf6 Rxd4 42. Qxd4 Rc1+ 43. Bd1 Qg3 44. Qd2 Ra1 45. Rf1 Rxd1 46. Rxd1 Ng4
47. Rf2 Qh2+ 48. Kf1 h5 49. d6 Ne3+ 50. Qxe3 Qh1+ 51. Ke2 Bg4+ 52. Qf3 Qh4 53.
d7 Qd8 54. b4 Kg7 55. b5 g5 56. b6 Bxf3+ 57. gxf3 g4 58. fxg4 hxg4 59. b7 1-0

[Event "Qatar Masters Open 2023"]
[Site "Doha QAT"]
[Date "2023.10.18"]
[Round "7.38"]
[White "Pham Tran Gia Phuc"]
[Black "Bharath, Subramaniyam H"]
[Result "0-1"]
[WhiteTitle "FM"]
[BlackTitle "GM"]
[WhiteElo "2384"]
[BlackElo "2500"]
[WhiteFideId "12415669"]
[BlackFideId "46634827"]
[EventDate "2023.10.11"]

1. Nf3 Nf6 2. c4 b6 3. g3 Bb7 4. Bg2 g6 5. b3 Bg7 6. Bb2 O-O 7. O-O e6 8. d4 d5
9. Nc3 dxc4 10. bxc4 Ne4 11. Qc2 Nd6 12. Nb5 Be4 13. Qc1 Nxb5 14. cxb5 c6 15.
Ba3 Re8 16. Qf4 f5 17. Bd6 cxb5 18. h4 Nc6 19. Rad1 Rc8 20. a3 a5 21. Be5 Bf8
22. h5 g5 23. Nxg5 Bxg2 24. Nxe6 Rxe6 25. Qxf5 Qd5 26. Qg4+ Kf7 27. Qf5+ Ke8 28.
f3 Bxf1 29. e4 Qd7 0-1

[Event "Qatar Masters Open 2023"]
[Site "Doha QAT"]
[Date "2023.10.18"]
[Round "7.39"]
[White "Mousavi, Seyed Khalil"]
[Black "Panesar, Vedant"]
[Result "1-0"]
[WhiteTitle "GM"]
[BlackTitle "FM"]
[WhiteElo "2492"]
[BlackElo "2372"]
[WhiteFideId "12511099"]
[BlackFideId "35033018"]
[EventDate "2023.10.11"]

1. d4 Nf6 2. c4 e6 3. Nf3 d5 4. Nc3 Bb4 5. Qa4+ Nc6 6. e3 O-O 7. Qc2 Qe7 8. Bd2
dxc4 9. Bxc4 e5 10. d5 Qc5 11. Ne4 Nxe4 12. Qxe4 Bxd2+ 13. Nxd2 Ne7 14. O-O Ng6
15. Rac1 Qe7 16. Bb3 Rd8 17. Qc2 c6 18. dxc6 bxc6 19. Ne4 Bd7 20. Rfd1 Be8 21.
g3 Nf8 22. Rxd8 Rxd8 23. Qc5 Ng6 24. Qxe7 Nxe7 25. Rc5 Ng6 26. h4 h5 27. Ba4 Bd7
28. Bxc6 Be6 29. Ra5 Rd1+ 30. Kg2 Ne7 31. Ba8 Nc8 32. Rxe5 Nb6 33. Bb7 Bxa2 34.
Nc3 Ra1 35. Rxh5 Bc4 36. Rc5 Be6 37. b4 1-0

[Event "Qatar Masters Open 2023"]
[Site "Doha QAT"]
[Date "2023.10.18"]
[Round "7.40"]
[White "Madaminov, Mukhiddin"]
[Black "Aradhya, Garg"]
[Result "1-0"]
[WhiteTitle "IM"]
[BlackTitle "FM"]
[WhiteElo "2484"]
[BlackElo "2344"]
[WhiteFideId "14210703"]
[BlackFideId "25006746"]
[EventDate "2023.10.11"]

1. e4 e5 2. Nf3 Nc6 3. Bb5 a6 4. Ba4 Nf6 5. O-O Be7 6. Re1 b5 7. Bb3 O-O 8. c3
d5 9. exd5 Nxd5 10. Nxe5 Nxe5 11. Rxe5 c6 12. d3 Bd6 13. Re1 Bf5 14. Qf3 Qd7 15.
Bxd5 cxd5 16. Bf4 Bxf4 17. Qxf4 Bxd3 18. Nd2 Rfe8 19. Nb3 Qf5 20. Qd2 Qg6 21.
Nd4 h5 22. h4 Be4 23. f3 Bf5 24. Kf2 Bd7 25. Qf4 b4 26. cxb4 Qb6 27. Qd2 Reb8
28. a3 a5 29. b3 axb4 30. a4 Rc8 31. Rec1 Re8 32. Qf4 Re7 33. Re1 Rae8 34. Rxe7
Rxe7 35. Rc1 Re8 36. Rc7 Rd8 37. Kg3 Be8 38. Nc6 Ra8 39. Kh2 d4 40. Nxd4 Rd8 41.
Re7 Kf8 42. Nf5 Qb8 43. Rc7 Rd7 44. Rc4 Rb7 45. Qd6+ Kg8 46. Qxb8 Rxb8 47. Rc7
Rd8 48. Rc4 g6 49. Nd4 Rb8 50. Kg3 Rb7 51. Rc8 Re7 52. Rb8 Kg7 53. Rxb4 Ra7 54.
Kf4 Ra5 55. Rb8 Bxa4 56. bxa4 Rxa4 57. Ke5 Ra2 58. Rb7 Ra5+ 59. Kf4 Ra4 60. Rd7
Kf8 61. Kg3 Ke8 62. Rd5 Kf8 63. Ne2 Kg7 64. Rd7 Rc4 65. Nf4 Kf6 66. Nh3 Ke6 67.
Ra7 f6 68. Nf4+ 1-0

[Event "Qatar Masters Open 2023"]
[Site "Doha QAT"]
[Date "2023.10.18"]
[Round "7.41"]
[White "Xiao, Tong(QD)"]
[Black "Aaryan, Varshney"]
[Result "1/2-1/2"]
[BlackTitle "FM"]
[WhiteElo "2476"]
[BlackElo "2339"]
[WhiteFideId "8622388"]
[BlackFideId "45048975"]
[EventDate "2023.10.11"]

1. e4 e5 2. Nf3 Nc6 3. Bb5 Nf6 4. d3 Bc5 5. c3 d6 6. O-O O-O 7. Re1 a6 8. Ba4
Ba7 9. h3 h6 10. Nbd2 Ne7 11. Nf1 Ng6 12. Bb3 c6 13. Ng3 d5 14. exd5 Nxd5 15. d4
exd4 16. Nxd4 Ndf4 17. Nh5 Nxh5 18. Qxh5 Qf6 19. Be3 Bd7 20. Rad1 Rad8 21. Nf3
Bxe3 22. Rxe3 Nf4 23. Qe5 Qxe5 24. Nxe5 Be6 25. Rxd8 Rxd8 26. Rf3 Bxb3 27. axb3
Rd1+ 28. Kh2 Ng6 29. Rd3 Rf1 30. Nxg6 fxg6 31. Kg3 Re1 32. Rd8+ Kf7 33. Kf3 g5
34. b4 Re5 35. Rd7+ Re7 36. Rxe7+ Kxe7 37. Ke3 Kd6 38. Kd4 b6 39. c4 g6 1/2-1/2

[Event "Qatar Masters Open 2023"]
[Site "Doha QAT"]
[Date "2023.10.18"]
[Round "7.42"]
[White "Nitin, S."]
[Black "Assaubayeva, Bibisara"]
[Result "0-1"]
[WhiteTitle "IM"]
[BlackTitle "IM"]
[WhiteElo "2373"]
[BlackElo "2469"]
[WhiteFideId "5018277"]
[BlackFideId "13708694"]
[EventDate "2023.10.11"]

1. e4 c5 2. Nf3 Nc6 3. d4 cxd4 4. Nxd4 g6 5. c4 Nf6 6. Nc3 d6 7. Be2 Nxd4 8.
Qxd4 Bg7 9. O-O O-O 10. Qd3 a6 11. Be3 Bd7 12. Qc2 Rc8 13. a4 a5 14. Qb3 Bc6 15.
Bb6 Qe8 16. f3 Nd7 17. Bxa5 Nc5 18. Qd1 Ra8 19. Bb4 Bxa4 20. Qe1 Bc6 21. Qf2
Rxa1 22. Rxa1 Qd8 23. Ba5 b6 24. Bb4 Qd7 25. Bf1 Qb7 26. Rd1 Ra8 27. Qe3 h5 28.
Ba3 Na4 29. Nxa4 Rxa4 30. Qb3 Ra5 31. Qd3 b5 32. Qd2 Ra4 33. cxb5 Bxb5 34. Qc2
Ra8 35. Bxb5 Qxb5 36. Qd2 Rb8 37. Kh1 Qb3 38. Rc1 Bxb2 39. Bxb2 Qxb2 40. Qg5 Ra8
41. h4 Ra1 42. Rxa1 Qxa1+ 43. Kh2 Qe5+ 44. Qxe5 dxe5 45. Kg1 Kg7 46. Kf2 Kf6 47.
Ke3 g5 48. g3 e6 49. Ke2 Kg6 50. Kf2 f5 51. Kg2 Kf6 52. Kh3 g4+ 53. fxg4 hxg4+
54. Kg2 f4 55. Kf2 Kg6 56. Kg1 fxg3 57. Kg2 Kh6 0-1

[Event "Qatar Masters Open 2023"]
[Site "Doha QAT"]
[Date "2023.10.18"]
[Round "7.43"]
[White "Audi, Ameya"]
[Black "Gagare, Shardul"]
[Result "0-1"]
[WhiteTitle "IM"]
[BlackTitle "GM"]
[WhiteElo "2372"]
[BlackElo "2460"]
[WhiteFideId "25034430"]
[BlackFideId "5037883"]
[EventDate "2023.10.11"]

1. e4 e6 2. d4 d5 3. Nc3 Nf6 4. e5 Nfd7 5. f4 c5 6. Nf3 Nc6 7. Be3 Be7 8. Qd2
O-O 9. dxc5 Qa5 10. a3 a6 11. O-O-O b6 12. cxb6 Bxa3 13. Nb1 Bb4 14. c3 Bc5 15.
Bd3 Qxb6 16. Nd4 Na5 17. Qc2 Nb3+ 18. Nxb3 Bxe3+ 19. N1d2 Bxf4 20. Rhf1 Bh6 21.
Bxh7+ Kh8 22. Rde1 Qc7 23. Qd3 a5 24. g4 Ba6 25. Qg3 Kxh7 26. g5 Bxf1 27. Nxf1
a4 28. gxh6 g6 29. Nd4 a3 30. bxa3 Rxa3 31. Nb5 Ra1+ 32. Kb2 Qc4 33. Rxa1 Qe2+
34. Nd2 Qxd2+ 35. Kb3 Nc5+ 36. Kb4 Nd3+ 37. Ka5 Ra8+ 38. Kb6 Rxa1 39. Qf3 Qf2+
40. Qxf2 Nxf2 0-1

[Event "Qatar Masters Open 2023"]
[Site "Doha QAT"]
[Date "2023.10.18"]
[Round "7.44"]
[White "Shahil, Dey"]
[Black "Haldorsen, Benjamin"]
[Result "1-0"]
[WhiteTitle "IM"]
[BlackTitle "IM"]
[WhiteElo "2357"]
[BlackElo "2454"]
[WhiteFideId "35062352"]
[BlackFideId "1512633"]
[EventDate "2023.10.11"]

1. e4 g6 2. d4 d6 3. Nc3 c6 4. a4 Nf6 5. Be3 Bg7 6. Nf3 O-O 7. Qd2 Nbd7 8. Bd3
a5 9. h3 e5 10. O-O Qe7 11. Rfe1 exd4 12. Bxd4 Ne5 13. Be2 Nxf3+ 14. Bxf3 Be6
15. Rad1 Rfd8 16. Nd5 cxd5 17. exd5 Nxd5 18. Bxd5 Bxd4 19. Qxd4 Qd7 20. b3 Bxd5
21. Qxd5 Rac8 22. c4 Rc5 23. Qd4 b6 24. Re3 d5 25. Re5 h5 26. f4 Re8 27. Rde1
Rd8 28. cxd5 Kh7 29. Re7 Qxd5 30. Qxd5 Rcxd5 31. Rxf7+ Kg8 32. Rf6 g5 33. f5 Rf8
34. Rg6+ Kh8 35. g4 Rd3 36. Rh6+ Kg7 37. Rxh5 Rc8 38. Re2 Rcc3 39. Rxg5+ Kf7 40.
Rh5 Rxh3 41. Rxh3 Rxh3 42. g5 Rxb3 43. g6+ Kf6 44. Rg2 Kg7 45. f6+ Kg8 46. f7+
Kg7 47. Rf2 1-0

[Event "Qatar Masters Open 2023"]
[Site "Doha QAT"]
[Date "2023.10.18"]
[Round "7.45"]
[White "Nitish, Belurkar"]
[Black "Raahul, V S"]
[Result "0-1"]
[WhiteTitle "IM"]
[BlackTitle "IM"]
[WhiteElo "2451"]
[BlackElo "2340"]
[WhiteFideId "5084768"]
[BlackFideId "25035525"]
[EventDate "2023.10.11"]

1. e4 e5 2. Nf3 Nc6 3. Bc4 Nf6 4. d3 Bc5 5. c3 d6 6. O-O O-O 7. a4 a6 8. Re1 Re8
9. b4 Ba7 10. Bg5 h6 11. Bh4 Be6 12. Nbd2 Bxc4 13. Nxc4 Re6 14. b5 Ne7 15. Bxf6
Rxf6 16. d4 exd4 17. cxd4 d5 18. Ncd2 Rb6 19. Rb1 axb5 20. axb5 Re6 21. e5 Bb6
22. Nf1 Nf5 23. Ne3 Nh4 24. Nxh4 Qxh4 25. Nc2 Qf4 26. g3 Qf5 27. Ne3 Qe4 28. Rb4
Ra3 29. Nc2 Rd3 30. Qa1 Qf3 31. Ne3 Rd2 32. Rf1 Rxe5 33. Rb2 Rxd4 34. Qa8+ Kh7
35. Qxb7 Rde4 36. Ng2 Re2 0-1

[Event "Qatar Masters Open 2023"]
[Site "Doha QAT"]
[Date "2023.10.18"]
[Round "7.46"]
[White "Rosen, Eric"]
[Black "Ravi, Teja S."]
[Result "1/2-1/2"]
[WhiteTitle "IM"]
[BlackTitle "IM"]
[WhiteElo "2341"]
[BlackElo "2448"]
[WhiteFideId "2032562"]
[BlackFideId "5017220"]
[EventDate "2023.10.11"]

1. e4 c6 2. d4 d5 3. Nc3 dxe4 4. Nxe4 Bf5 5. Ng3 Bg6 6. h4 h6 7. Nf3 Nd7 8. Bd3
Bxd3 9. Qxd3 e6 10. Bf4 Qa5+ 11. Bd2 Bb4 12. Ne4 Bxd2+ 13. Nfxd2 Ngf6 14. Nd6+
Ke7 15. Nc4 Qc7 16. O-O-O Rhd8 17. g4 b5 18. Ne3 Qf4 19. Qa3+ Ke8 20. g5 Nd5 21.
gxh6 gxh6 22. Rhg1 N7f6 23. Qc5 Qd6 24. Qxd6 Rxd6 25. Ne4 Rdd8 26. Nxf6+ Nxf6
27. f4 Ke7 28. Rge1 h5 29. f5 Rd6 30. fxe6 Rxe6 31. Nf5+ Kd7 32. Re5 Rxe5 33.
dxe5+ Nd5 34. Ng7 Rg8 35. Nxh5 Ke6 36. Nf6 Rh8 37. Nxd5 cxd5 38. Rf1 Rh7 39. a4
bxa4 40. Rf4 Kxe5 41. Rxa4 f5 42. Kd2 f4 43. Ke2 Rc7 44. c3 Rb7 45. Kf3 Rxb2 46.
Rxa7 Rh2 47. Re7+ Kf6 1/2-1/2

[Event "Qatar Masters Open 2023"]
[Site "Doha QAT"]
[Date "2023.10.18"]
[Round "7.47"]
[White "Suyarov, Mukhammadzokhid"]
[Black "Munkhdalai, Amilal"]
[Result "1/2-1/2"]
[WhiteTitle "FM"]
[BlackTitle "FM"]
[WhiteElo "2340"]
[BlackElo "2409"]
[WhiteFideId "14210495"]
[BlackFideId "4903250"]
[EventDate "2023.10.11"]

1. d4 Nf6 2. c4 e6 3. Nf3 b6 4. g3 Bb7 5. Bg2 Bb4+ 6. Bd2 Bxd2+ 7. Qxd2 O-O 8.
Nc3 d6 9. O-O Ne4 10. Nxe4 Bxe4 11. Qf4 Bb7 12. e4 Nd7 13. d5 e5 14. Qe3 a5 15.
Nh4 g6 16. b3 Qe7 17. Qh6 Nf6 18. h3 Kh8 19. Rae1 Rae8 20. Qd2 Bc8 21. Kh2 Nh5
22. Qh6 Nf6 23. a3 Ng8 24. Qd2 f5 25. f4 fxe4 26. Rxe4 Qg7 27. fxe5 Rxf1 28.
Bxf1 Rxe5 29. Rxe5 Qxe5 30. Nf3 Qf6 31. Bg2 Kg7 32. g4 h6 33. Kg3 g5 34. Bf1 Ne7
35. Bd3 Bd7 36. Qe3 Kf8 37. b4 axb4 38. axb4 Kg8 39. b5 Kg7 40. Nd4 Kg8 41. Qe4
Kf8 42. Kg2 Ng8 43. Qe3 Ne7 44. Kg1 Kg7 45. Kg2 Kf8 46. Kg3 Kg7 47. Nf3 Be8 48.
Nd4 Bd7 1/2-1/2

[Event "Qatar Masters Open 2023"]
[Site "Doha QAT"]
[Date "2023.10.18"]
[Round "7.48"]
[White "Dixit, Nikhil"]
[Black "Divya, Deshmukh"]
[Result "1-0"]
[WhiteTitle "FM"]
[BlackTitle "WGM"]
[WhiteElo "2327"]
[BlackElo "2408"]
[WhiteFideId "5059534"]
[BlackFideId "35006916"]
[EventDate "2023.10.11"]

1. e4 e6 2. d4 d5 3. e5 c5 4. c3 Qb6 5. Nf3 Nc6 6. Bd3 cxd4 7. O-O Bd7 8. Re1
Nge7 9. h4 a6 10. Nbd2 dxc3 11. bxc3 Qc7 12. Nb3 Na5 13. Rb1 Nec6 14. Nxa5 Nxa5
15. Ng5 Bc5 16. Be3 g6 17. h5 Bxe3 18. Rxe3 Bc6 19. Rf3 d4 20. Rxf7 Qxe5 21. Qg4
gxh5 22. Qh3 O-O-O 23. Nxe6 Rdg8 24. Nxd4+ Kb8 25. Nxc6+ Nxc6 26. Rbxb7+ Ka8 27.
Ra7+ 1-0

[Event "Qatar Masters Open 2023"]
[Site "Doha QAT"]
[Date "2023.10.18"]
[Round "7.49"]
[White "Laxman, R.R."]
[Black "Krishna, C R G"]
[Result "1/2-1/2"]
[WhiteTitle "GM"]
[BlackTitle "IM"]
[WhiteElo "2322"]
[BlackElo "2407"]
[WhiteFideId "5005361"]
[BlackFideId "5018625"]
[EventDate "2023.10.11"]

1. d4 d5 2. Nf3 Nf6 3. c4 e6 4. g3 dxc4 5. Bg2 a6 6. O-O Nc6 7. Qd2 Rb8 8. Ne5
Nxe5 9. dxe5 Nd7 10. Rd1 Bc5 11. Nc3 Qe7 12. Ne4 O-O 13. Qf4 Kh8 14. Nxc5 Nxc5
15. Qxc4 b6 16. Be3 Bd7 17. Rac1 Bb5 18. Bxc5 bxc5 19. Qxc5 Qxc5 20. Rxc5 Bxe2
21. Rd2 Bb5 22. Rxc7 Rbc8 23. Rxc8 Rxc8 24. Bf1 g5 25. Bxb5 axb5 26. Kg2 Kg7 27.
Kf3 Kg6 28. g4 Rc4 29. Re2 Rf4+ 30. Kg3 h5 31. h3 Ra4 32. a3 Rc4 33. Re3 Rc2 34.
gxh5+ Kxh5 35. Rb3 Rc5 36. f4 Kg6 37. Kg4 gxf4 38. Kxf4 Rc4+ 39. Ke3 Rc5 40. Kf4
Rc4+ 41. Kg3 Rc5 42. Re3 Rc2 43. b3 Ra2 44. Kf4 Rxa3 45. Ke4 Ra1 46. Rg3+ Kh6
47. Kd4 Rd1+ 48. Rd3 Re1 49. Re3 Rd1+ 50. Kc5 Rd5+ 51. Kb4 Kg5 52. Re1 Kh4 53.
Re3 Kg5 54. Re1 Kh4 1/2-1/2

[Event "Qatar Masters Open 2023"]
[Site "Doha QAT"]
[Date "2023.10.18"]
[Round "7.50"]
[White "Aziz, Husain"]
[Black "Rasulov, Vugar"]
[Result "0-1"]
[WhiteTitle "IM"]
[BlackTitle "GM"]
[WhiteElo "2328"]
[BlackElo "2560"]
[WhiteFideId "12100293"]
[BlackFideId "13402390"]
[EventDate "2023.10.11"]

1. e4 c5 2. Nf3 d6 3. d4 cxd4 4. Qxd4 a6 5. Be2 Nc6 6. Qe3 g6 7. O-O Bg7 8. c4
Bg4 9. Nc3 Rc8 10. Rd1 Bh6 11. Ng5 Bxe2 12. Qxe2 Bg7 13. Nf3 Ne5 14. Nxe5 Bxe5
15. Nd5 e6 16. Ne3 Nf6 17. g3 Qb6 18. Kg2 g5 19. f3 Qc6 20. Kg1 h5 21. Rb1 Nd7
22. b3 g4 23. f4 Qxe4 24. fxe5 Qxb1 25. exd6 Qe4 26. Bb2 Rg8 27. Qf2 Qf3 28.
Qxf3 gxf3 29. Kf2 f5 30. Kxf3 Kf7 31. Re1 Nc5 32. Rd1 a5 33. Ng2 Rgd8 34. Nf4
Rc6 35. Be5 a4 36. Nd3 axb3 37. axb3 Nxb3 38. Bf4 Ke8 39. Rb1 Rcxd6 40. Ne5 Na5
41. Rb5 Ra6 42. Kg2 Rd4 43. c5 Rd5 44. Kh3 Nc6 45. Nc4 e5 46. Bg5 Nd4 47. Rxb7
Nf3 0-1

[Event "Qatar Masters Open 2023"]
[Site "Doha QAT"]
[Date "2023.10.18"]
[Round "7.51"]
[White "Dai, Changren"]
[Black "Rakhmatullaev, Almas"]
[Result "1-0"]
[WhiteTitle "GM"]
[BlackTitle "IM"]
[WhiteElo "2507"]
[BlackElo "2389"]
[WhiteFideId "8608156"]
[BlackFideId "14205793"]
[EventDate "2023.10.11"]

1. d4 d5 2. c4 e6 3. Nc3 a6 4. cxd5 exd5 5. Bf4 Nf6 6. e3 Bd6 7. Bg5 c6 8. Bd3
h6 9. Bh4 O-O 10. Nge2 Re8 11. h3 Be6 12. O-O Nbd7 13. Rc1 Rc8 14. Bb1 Nf8 15.
f3 c5 16. dxc5 Bxc5 17. Nd4 Ng6 18. Bf2 Ne5 19. Nce2 Bd7 20. b3 Qb6 21. Nf4 Bb5
22. Nxb5 axb5 23. Nxd5 Nxd5 24. Qxd5 Bxe3 25. Rxc8 Bxf2+ 26. Rxf2 Rxc8 27. Qxe5
Rc1+ 28. Kh2 Rxb1 29. Qe8+ Kh7 30. Qxf7 Qd6+ 31. f4 Qc5 32. Re2 Rd1 33. Qe6 Qg1+
34. Kg3 Rd3+ 35. Kh4 Rd8 36. Qf5+ Kh8 37. Qxb5 Rf8 38. Re8 Qf2+ 39. g3 Rxe8 40.
Qxe8+ Kh7 41. Qe4+ Kh8 42. Qxb7 Qxa2 43. Qc8+ Kh7 44. Qf5+ Kh8 45. b4 Qd2 46.
Qf8+ Kh7 47. Qe7 Qd5 48. Qe5 Qd8+ 49. Kg4 g6 50. Kf3 Qd1+ 51. Ke4 Qb1+ 52. Kd5
Qxb4 53. Qc7+ Kg8 54. Qd8+ Kf7 55. Qd7+ Kg8 56. Ke6 Qf8 57. Ke5 h5 58. g4 hxg4
59. hxg4 Qb8+ 60. Qd6 Qb2+ 61. Qd4 Qh2 62. Qd8+ Kg7 63. Qc7+ Kh8 64. Kf6 Qh6 65.
Qd8+ Kh7 66. Qe7+ Kg8 67. g5 1-0

[Event "Qatar Masters Open 2023"]
[Site "Doha QAT"]
[Date "2023.10.18"]
[Round "7.52"]
[White "Chanda, Sandipan"]
[Black "Begmuratov, Khumoyun"]
[Result "1-0"]
[WhiteTitle "GM"]
[BlackTitle "FM"]
[WhiteElo "2496"]
[BlackElo "2374"]
[WhiteFideId "5004225"]
[BlackFideId "14210207"]
[EventDate "2023.10.11"]

1. d4 Nf6 2. c4 e6 3. Nc3 Bb4 4. e3 O-O 5. Bd2 b6 6. Nf3 c5 7. Bd3 Ba6 8. a3
Bxc3 9. Bxc3 d5 10. dxc5 dxc4 11. Bc2 Nd5 12. cxb6 axb6 13. Qd4 Nxc3 14. bxc3
Qxd4 15. Nxd4 Bb7 16. O-O Nd7 17. Rfb1 Ra5 18. Rb4 Rfa8 19. a4 Rg5 20. f3 Rc5
21. Rd1 Rd8 22. Nb5 Ba6 23. Na3 Rd5 24. Rxd5 exd5 25. Bf5 Bc8 26. e4 Nf6 27.
Rxb6 Bxf5 28. exf5 Kf8 29. a5 d4 30. cxd4 c3 31. a6 Ra8 32. Rc6 Nd5 33. Nb5 Ne7
34. Rxc3 Rxa6 35. g4 f6 36. Rc5 Ra1+ 37. Kf2 Ra2+ 38. Ke3 Ke8 39. d5 Kd8 40. h4
Ra5 41. d6 Nc8 42. Kd4 Nb6 43. Nc3 Ra7 44. Rc6 Nd7 45. f4 Ra1 46. Kd5 h5 47.
gxh5 Ke8 48. Rc8+ Kf7 49. Kc6 Nf8 50. d7 Nxd7 51. Kxd7 Ra5 52. Ne4 Ra7+ 53. Rc7
Ra5 54. Nd6+ Kg8 55. Rc8+ Kh7 56. Nf7 Ra7+ 57. Ke6 Ra6+ 58. Kd5 Ra5+ 59. Ke4
Ra4+ 1-0

[Event "Qatar Masters Open 2023"]
[Site "Doha QAT"]
[Date "2023.10.18"]
[Round "7.53"]
[White "Chen, Qi b"]
[Black "Ilamparthi, A R"]
[Result "1-0"]
[WhiteTitle "IM"]
[BlackTitle "IM"]
[WhiteElo "2465"]
[BlackElo "2387"]
[WhiteFideId "8614733"]
[BlackFideId "45015775"]
[EventDate "2023.10.11"]

1. e4 c5 2. Nf3 e6 3. g3 Nc6 4. Bg2 Nf6 5. d3 d6 6. O-O Be7 7. Re1 O-O 8. c3 Bd7
9. Nbd2 Qc7 10. a3 Ne5 11. Nf1 Bb5 12. c4 Ba6 13. b3 Nfd7 14. Bb2 Bf6 15. d4
cxd4 16. Nxd4 Nc5 17. Bc3 Rad8 18. Re3 Qb6 19. Rb1 d5 20. exd5 exd5 21. cxd5
Ncd3 22. h3 Qc5 23. Ba1 b6 24. f4 Nxf4 25. gxf4 Ng6 26. b4 Qd6 27. Nc6 Rde8 28.
Rxe8 Rxe8 29. Bxf6 gxf6 30. b5 Bc8 31. Qd2 Nxf4 32. Re1 Rxe1 33. Qxe1 Nxg2 34.
Qe8+ Kg7 35. Qxc8 Nf4 36. Qg4+ Kf8 37. Ne3 f5 38. Qg7+ Kxg7 39. Nxf5+ Kf6 40.
Nxd6 Nxd5 41. Nxa7 Ke6 42. Nc4 Kd7 43. Kg2 Kc7 44. Nc6 Nc3 45. Nd4 1-0

[Event "Qatar Masters Open 2023"]
[Site "Doha QAT"]
[Date "2023.10.18"]
[Round "7.54"]
[White "Vantika, Agrawal"]
[Black "Lee, Jun Hyeok"]
[Result "0-1"]
[WhiteTitle "IM"]
[BlackTitle "IM"]
[WhiteElo "2435"]
[BlackElo "2362"]
[WhiteFideId "25050389"]
[BlackFideId "13202340"]
[EventDate "2023.10.11"]

1. d4 Nf6 2. c4 c5 3. d5 g6 4. Nc3 Bg7 5. e4 d6 6. h3 O-O 7. Bd3 e6 8. Nf3 Nbd7
9. Be3 a6 10. a4 exd5 11. exd5 Ne8 12. Qd2 f5 13. O-O Ne5 14. Nxe5 Bxe5 15. Bg5
Bf6 16. Bh6 Ng7 17. Rfe1 Re8 18. Rxe8+ Qxe8 19. Re1 Qf8 20. a5 Bd7 21. Ne2 Re8
22. b4 cxb4 23. Qxb4 Bc8 24. Bf4 Be7 25. Qd2 Nh5 26. Be3 Bd8 27. Bb6 Bxb6 28.
axb6 Qf6 29. Nc3 Rxe1+ 30. Qxe1 Kf7 31. Bc2 Qd4 32. Ba4 Nf6 33. Qc1 Qxb6 34. Qc2
Qd4 35. Bb3 Bd7 36. Ne2 Qa1+ 37. Kh2 Ne4 38. f3 Nc5 39. Ba2 Qe5+ 40. f4 Qe3 41.
Qb2 Kg8 42. Bb1 b5 43. h4 b4 44. h5 gxh5 45. Nd4 Qxf4+ 46. g3 Qg4 47. Qf2 h4 48.
gxh4 f4 49. Nc6 b3 50. Qe1 Qh3+ 51. Kg1 Qe3+ 52. Qxe3 fxe3 53. Kf1 Bg4 54. Ke1
h6 55. h5 Kf7 56. Nd4 Kf6 57. Bg6 0-1

[Event "Qatar Masters Open 2023"]
[Site "Doha QAT"]
[Date "2023.10.18"]
[Round "7.55"]
[White "Venkatesh, M.R."]
[Black "Laddha, Shubh Jayesh"]
[Result "1/2-1/2"]
[WhiteTitle "GM"]
[BlackTitle "FM"]
[WhiteElo "2428"]
[BlackElo "2373"]
[WhiteFideId "5005779"]
[BlackFideId "30942799"]
[EventDate "2023.10.11"]

1. e4 e5 2. Nf3 Nc6 3. Bb5 a6 4. Ba4 Bc5 5. d3 Nge7 6. c3 O-O 7. O-O d6 8. b4
Ba7 9. Bb3 Be6 10. Be3 Qd7 11. Nbd2 h6 12. Bxa7 Rxa7 13. d4 exd4 14. Nxd4 Nxd4
15. cxd4 d5 16. Qf3 dxe4 17. Qxe4 Bd5 18. Bxd5 Nxd5 19. a3 Nc3 20. Qf3 Qxd4 21.
Nb3 Qf6 22. Qxf6 gxf6 23. Rfe1 Rd8 24. Rac1 Nd5 25. Na5 c6 26. h3 Kf8 27. Rc4 f5
28. Rd4 Rd6 29. Re5 f4 30. Rde4 Kg7 31. Kh2 Rg6 32. Re1 Rf6 33. h4 Rg6 34. Kh3
b6 35. Nxc6 Rxc6 36. Rxd5 Rc3+ 37. Kg4 Rxa3 38. Kxf4 Ra4 39. Re4 a5 40. Rb5 Ra6
41. f3 1/2-1/2